[Event "Kupreichik Memorial Open 2018"]
[Site "Minsk"]
[Date "2018.06.21"]
[Round "3"]
[White "Runets, Ivan"]
[Black "Arlou, Valery"]
[Result "0-1"]
[WhiteElo "2027"]
[BlackElo "1743"]
[Annotator "NA"]
[PlyCount "142"]
[EventDate "2018.06.21"]
[EventCountry "BLR"]
[SourceTitle "playchess.com"]
[Source "ChessBase"]
[SourceQuality "1"]
[TimeControl "900+10"]

1. e4 {[%emt 0:00:00]} g6 {[%emt 0:00:05]} 2. d4 {[%emt 0:00:00]} Bg7 {[%emt 0:00:02]} 3. f4 {[%emt 0:00:01]} d6 {[%emt 0:00:01]} 4. Nf3 {[%emt 0:00:02]} c5 {[%emt 0:00:16]} 5. c3 {[%emt 0:00:11]} cxd4 {[%emt 0:00:03]} 6. cxd4 {[%emt 0:00:07]} Nf6 {[%emt 0:00:23]} 7. Bd3 {[%emt 0:00:17]} O-O {[%emt 0:00:09]} 8. O-O {[%emt 0:00:02]} Bg4 {[%emt 0:00:09]} 9. Be3 {[%emt 0:00:38]} Nc6 {[%emt 0:00:15]} 10. Nc3 {[%emt 0:00:47]} e5 {[%emt 0:01:12]} 11. fxe5 {[%emt 0:01:32]} dxe5 {[%emt 0:00:01]} 12. d5 {[%emt 0:00:02]} Nd4 {[%emt 0:00:33]} 13. Bxd4 {[%emt 0:00:28]} exd4 {[%emt 0:00:02]} 14. Ne2 {[%emt 0:00:04]} Qe7 {[%emt 0:00:52]} 15. Ng3 {[%emt 0:04:22]} Qb4 {[%emt 0:01:08]} 16. Qb3 {[%emt 0:00:10]} Qxb3 {[%emt 0:00:46]} 17. axb3 {[%emt 0:00:02]} Bxf3 {[%emt 0:00:09]} 18. gxf3 {[%emt 0:00:02]} Nd7 {[%emt 0:00:06]} 19. Bb5 {[%emt 0:00:22]} Nb6 {[%emt 0:03:15]} 20. b4 {[%emt 0:00:53]} a6 {[%emt 0:00:03]} 21. Bd3 {[%emt 0:00:02]} Rac8 {[%emt 0:00:27]} 22. Rac1 {[%emt 0:01:08]} Bh6 {[%emt 0:00:48]} 23. f4 {[%emt 0:02:13]} Rxc1 {[%emt 0:00:06]} 24. Rxc1 {[%emt 0:00:01]} Bxf4 {[%emt 0:00:03]} 25. Rc2 {[%emt 0:00:09]} Rc8 {[%emt 0:00:17]} 26. Rxc8+ {[%emt 0:00:02]} Nxc8 {[%emt 0:00:01]} 27. Ne2 {[%emt 0:00:12]} Be3+ {[%emt 0:00:05]} 28. Kg2 {[%emt 0:00:12]} f6 {[%emt 0:00:12]} 29. Kf3 {[%emt 0:00:40]} Nd6 {[%emt 0:00:09]} 30. Ng3 {[%emt 0:00:57]} Kf7 {[%emt 0:00:18]} 31. Ne2 {[%emt 0:00:22]} Ke7 {[%emt 0:00:19]} 32. h4 {[%emt 0:00:09]} Nf7 {[%emt 0:00:08]} 33. Bb1 {[%emt 0:02:36]} Ne5+ {[%emt 0:00:03]} 34. Kg3 {[%emt 0:00:04]} Kd6 {[%emt 0:01:10]} 35. h5 {[%emt 0:01:01]} gxh5 {[%emt 0:01:02]} 36. Kh4 {[%emt 0:00:17]} Nc4 {[%emt 0:01:42]} 37. b3 {[%emt 0:00:24]} Nd2 {[%emt 0:00:53]} 38. Bc2 {[%emt 0:00:09]} Ke5 {[%emt 0:00:08]} 39. Kxh5 {[%emt 0:00:09]} b5 {[%emt 0:01:09]} 40. Ng3 {[%emt 0:00:38]} Nf3 {[%emt 0:00:44]} 41. Kg4 {[%emt 0:00:12]} Ne1 {[%emt 0:00:03]} 42. Bd1 {[%emt 0:00:04]} d3 {[%emt 0:00:08]} 43. d6 {[%emt 0:00:14]} Bb6 {[%emt 0:00:10]} 44. d7 {[%emt 0:00:03]} Ke6 {[%emt 0:00:22]} 45. Nh5 {[%emt 0:00:15]} Nc2 {[%emt 0:00:54]} 46. Nf4+ {[%emt 0:00:14]} Kxd7 {[%emt 0:00:11]} 47. Bf3 {[%emt 0:00:09]} Ne3+ {[%emt 0:00:13]} 48. Kh5 {[%emt 0:00:09]} d2 {[%emt 0:00:06]} 49. Nd5 {[%emt 0:00:04]} Bd4 {[%emt 0:00:13]} 50. Nxe3 {[%emt 0:00:07]} Bxe3 {[%emt 0:00:06]} 51. Kg4 {[%emt 0:00:12]} Ke6 {[%emt 0:00:06]} 52. Be2 {[%emt 0:00:11]} Ke5 {[%emt 0:00:06]} 53. Kf3 {[%emt 0:00:06]} Bd4 {[%emt 0:00:11]} 54. Bd1 {[%emt 0:00:07]} Bc3 {[%emt 0:00:04]} 55. Ke2 {[%emt 0:00:01]} Bxb4 {[%emt 0:00:02]} 56. Kd3 {[%emt 0:00:05]} h6 {[%emt 0:00:16]} 57. Ke3 {[%emt 0:00:09]} Ba5 {[%emt 0:00:40]} 58. Be2 {[%emt 0:00:21]} Bb4 {[%emt 0:00:20]} 59. Bd1 {[%emt 0:00:19]} f5 {[%emt 0:00:14]} 60. exf5 {[%emt 0:00:05]} Kxf5 {[%emt 0:00:02]} 61. Kf3 {[%emt 0:00:09]} h5 {[%emt 0:00:12]} 62. Kg3 {[%emt 0:00:21]} Kg5 {[%emt 0:00:03]} 63. Kf3 {[%emt 0:00:15]} h4 {[%emt 0:00:13]} 64. Bc2 {[%emt 0:00:07]} Bd6 {[%emt 0:00:26]} 65. Ke3 {[%emt 0:00:13]} Bf4+ {[%emt 0:00:02]} 66. Kf3 {[%emt 0:00:02]} h3 {[%emt 0:00:08]} 67. Kf2 {[%emt 0:00:06]} Kh4 {[%emt 0:00:04]} 68. Kf3 {[%emt 0:00:11]} Bg5 {[%emt 0:00:22]} 69. Bd1 {[%emt 0:00:06]} h2 {[%emt 0:00:20]} 70. Kg2 {[%emt 0:00:09]} Bf4 {[%emt 0:00:02]} 71. Bf3 {[%emt 0:00:00]} Kg5 {[%emt 0:00:00]} 0-1

[Event "Kupreichik Memorial Open 2018"]
[Site "Minsk"]
[Date "2018.06.21"]
[Round "3"]
[White "Romanovskij, Nikita"]
[Black "Bezenson, Anton"]
[Result "1/2-1/2"]
[WhiteElo "1990"]
[BlackElo "1732"]
[Annotator "NA"]
[PlyCount "64"]
[EventDate "2018.06.21"]
[EventCountry "BLR"]
[SourceTitle "playchess.com"]
[Source "ChessBase"]
[SourceQuality "1"]
[TimeControl "900+10"]

1. d4 {[%emt 0:00:00]} Nf6 {[%emt 0:00:01]} 2. Nf3 {[%emt 0:00:00]} g6 {[%emt 0:00:06]} 3. Bg5 {[%emt 0:00:00]} Bg7 {[%emt 0:00:04]} 4. Nbd2 {[%emt 0:00:02]} d5 {[%emt 0:00:07]} 5. e3 {[%emt 0:00:02]} O-O {[%emt 0:00:10]} 6. Bd3 {[%emt 0:00:01]} Nbd7 {[%emt 0:00:09]} 7. O-O {[%emt 0:00:06]} c5 {[%emt 0:00:46]} 8. c3 {[%emt 0:00:02]} Qb6 {[%emt 0:00:11]} 9. Rb1 {[%emt 0:01:04]} Re8 {[%emt 0:00:21]} 10. Re1 {[%emt 0:00:23]} e5 {[%emt 0:00:09]} 11. dxe5 {[%emt 0:00:02]} Nxe5 {[%emt 0:00:03]} 12. Nxe5 {[%emt 0:00:01]} Rxe5 {[%emt 0:00:02]} 13. Nf3 {[%emt 0:00:01]} Re8 {[%emt 0:00:24]} 14. c4 {[%emt 0:00:49]} dxc4 {[%emt 0:00:42]} 15. Bxc4 {[%emt 0:00:04]} Bf5 {[%emt 0:00:04]} 16. Rc1 {[%emt 0:01:28]} Rad8 {[%emt 0:00:23]} 17. Qb3 {[%emt 0:00:02]} Qxb3 {[%emt 0:00:16]} 18. Bxb3 {[%emt 0:00:01]} b6 {[%emt 0:00:32]} 19. Ba4 {[%emt 0:00:46]} Bd7 {[%emt 0:03:34]} 20. Bc2 {[%emt 0:01:02]} Bc6 {[%emt 0:00:29]} 21. Rcd1 {[%emt 0:02:00]} h6 {[%emt 0:00:24]} 22. Bh4 {[%emt 0:00:16]} g5 {[%emt 0:00:03]} 23. Bg3 {[%emt 0:00:02]} Ne4 {[%emt 0:00:06]} 24. Rxd8 {[%emt 0:02:31]} Rxd8 {[%emt 0:00:03]} 25. Be5 {[%emt 0:00:02]} Nd2 {[%emt 0:01:08]} 26. Bxg7 {[%emt 0:01:04]} Nxf3+ {[%emt 0:00:10]} 27. gxf3 {[%emt 0:00:01]} Kxg7 {[%emt 0:00:07]} 28. Rd1 {[%emt 0:00:07]} Rxd1+ {[%emt 0:00:25]} 29. Bxd1 {[%emt 0:00:01]} Bd5 {[%emt 0:00:03]} 30. a3 {[%emt 0:00:20]} Kf6 {[%emt 0:00:02]} 31. Kf1 {[%emt 0:00:02]} Ke5 {[%emt 0:00:30]} 32. Ke2 {[%emt 0:00:02]} b5 1/2-1/2

[Event "Kupreichik Memorial Open 2018"]
[Site "Minsk"]
[Date "2018.06.21"]
[Round "3"]
[White "Svjatocho, Andrej"]
[Black "Yurau, Maksim"]
[Result "1/2-1/2"]
[WhiteElo "1979"]
[BlackElo "1694"]
[Annotator "NA"]
[PlyCount "49"]
[EventDate "2018.06.21"]
[EventCountry "BLR"]
[SourceTitle "playchess.com"]
[Source "ChessBase"]
[SourceQuality "1"]
[TimeControl "900+10"]

1. e4 {[%emt 0:00:00]} c5 {[%emt 0:00:02]} 2. Nf3 {[%emt 0:00:00]} e6 {[%emt 0:00:01]} 3. d3 {[%emt 0:00:00]} d5 {[%emt 0:00:05]} 4. Nbd2 {[%emt 0:00:02]} Nc6 {[%emt 0:00:03]} 5. g3 {[%emt 0:00:02]} Nf6 {[%emt 0:00:16]} 6. Bg2 {[%emt 0:00:06]} Be7 {[%emt 0:00:12]} 7. O-O {[%emt 0:00:04]} O-O {[%emt 0:00:03]} 8. Re1 {[%emt 0:00:08]} Re8 {[%emt 0:01:36]} 9. c3 {[%emt 0:00:19]} b5 {[%emt 0:01:57]} 10. Qc2 {[%emt 0:00:36]} Bb7 {[%emt 0:01:15]} 11. Nb3 {[%emt 0:01:56]} c4 {[%emt 0:01:09]} 12. dxc4 {[%emt 0:00:03]} bxc4 {[%emt 0:00:12]} 13. Nbd2 {[%emt 0:00:27]} Bc5 {[%emt 0:00:29]} 14. e5 {[%emt 0:01:36]} Ng4 {[%emt 0:01:33]} 15. Re2 {[%emt 0:00:02]} Qc7 {[%emt 0:00:24]} 16. b4 {[%emt 0:00:39]} Be7 {[%emt 0:01:37]} 17. Nf1 {[%emt 0:00:27]} Ngxe5 {[%emt 0:00:20]} 18. Nxe5 {[%emt 0:00:09]} Nxe5 {[%emt 0:00:03]} 19. Bf4 {[%emt 0:00:07]} Bd6 {[%emt 0:00:06]} 20. Bxe5 {[%emt 0:00:45]} Bxe5 {[%emt 0:00:02]} 21. Ne3 {[%emt 0:00:08]} Rab8 {[%emt 0:03:12]} 22. Rae1 {[%emt 0:00:52]} Bd6 {[%emt 0:00:29]} 23. Nxd5 {[%emt 0:00:56]} Bxd5 {[%emt 0:00:10]} 24. Bxd5 {[%emt 0:00:03]} Red8 {[%emt 0:00:20]} 25. Be4 {[%emt 0:00:41]} 1/2-1/2

[Event "Kupreichik Memorial Open 2018"]
[Site "Minsk"]
[Date "2018.06.21"]
[Round "3"]
[White "Zhukovskij, Viktor"]
[Black "Bernotas, Arturs"]
[Result "0-1"]
[WhiteElo "1973"]
[BlackElo "2410"]
[Annotator "TA"]
[PlyCount "54"]
[EventDate "2018.06.21"]
[EventCountry "BLR"]
[SourceTitle "playchess.com"]
[Source "ChessBase"]
[SourceQuality "1"]

{[%evp 12,54,27,-17,0,8,7,-52,0,0,0,0,0,7,22,16,22,0,0,0,0,-105,-100,-108,-99,-197,-206,-229,-193,-176,-160,-150,-137,-377,-360,-328,-316,-895,-886,-891,-883,-833,-724,-765,-741]} 1. e4 d5 2. exd5 Nf6 3. d4 Bg4 4. Be2 Bxe2 5. Nxe2 Qxd5 6. O-O Nc6 7. b3 O-O-O {[%cal Rc6d4] B01: Skandinavische Verteidigung} 8. c4 Qh5 9. Bb2 (9. Nbc3 $11) (9. Be3 e5 10. d5 Ng4 11. h3 Nxe3 12. fxe3 Bc5 13. Nbc3 Bxe3+ 14. Kh1 Qg6 15. a3 {0-1 (41) Oglaza,O (2110)-Vojta,T (2384) Tatranske Zruby 2016}) 9... e6 ({Ein No Go ist} 9... Ng4 10. h3 $11) (9... Nxd4 $1 $15 10. Nxd4 Qxd1 11. Rxd1 e5) 10. Nd2 $11 Bd6 {[%csl Gd6][%cal Rh5h2]} 11. Nf3 Rhg8 12. Ng3 $146 ({Vorgänger:} 12. Qe1 Ne4 13. Ng3 Nxg3 14. fxg3 Be7 15. Ne5 Nxe5 16. dxe5 {0-1 (48) Kovacova,Z (2098)-Corke,A (2203) Turin 2006}) 12... Qg6 13. Qe2 h5 {[%cal Bh7h5,Bh5h4,Bh4h3][%mdl 32]} 14. Ne5 Bxe5 $1 15. dxe5 Ng4 16. Rfd1 (16. h3 $11 {bleibt in der Remisbreite.} h4 17. Qxg4 (17. hxg4 hxg3 18. fxg3 Rd3 $11) 17... Qxg4 18. hxg4 hxg3 19. fxg3) 16... h4 $17 17. Nf1 h3 {Droht ...hxg2 und aus.} 18. g3 {[#]} (18. Ng3 $17 {war angesagt.}) 18... Qf5 $1 $19 19. Ne3 Nxe3 20. Qxe3 Qc2 $40 {[%mdl 128] Schwarz geht auf den König.} 21. Bd4 Rd7 {Weiss muss nun ...Tgd8 beachten.} 22. Rd2 $2 (22. Rac1 $17 Qxa2 23. Rd2) 22... Qf5 23. Rad1 Rgd8 24. Bc3 $2 (24. Kf1) 24... Rxd2 {Schwarz steht klar auf Gewinn.} 25. Bxd2 Qc2 26. Qe2 {[#]} Nxe5 $1 {[%mdl 512]} 27. f4 {[#]} (27. Qxe5 Qxd1+) 27... Rxd2 $1 {[%mdl 512] Precision: Weiß = 34%, Schwarz = 82%.} 0-1

[Event "Kupreichik Memorial Open 2018"]
[Site "Minsk"]
[Date "2018.06.21"]
[Round "3"]
[White "Artsiomau, Stanislau"]
[Black "Halouchyts, Karalina"]
[Result "1-0"]
[WhiteElo "1954"]
[BlackElo "1603"]
[Annotator "NA"]
[PlyCount "107"]
[EventDate "2018.06.21"]
[EventCountry "BLR"]
[SourceTitle "playchess.com"]
[Source "ChessBase"]
[SourceQuality "1"]
[TimeControl "900+10"]

1. e4 {[%emt 0:00:00]} d6 {[%emt 0:00:03]} 2. g3 {[%emt 0:00:00]} Nf6 {[%emt 0:00:04]} 3. Bg2 {[%emt 0:00:00]} e5 {[%emt 0:00:30]} 4. d3 {[%emt 0:00:11]} g6 {[%emt 0:00:23]} 5. Nf3 {[%emt 0:00:05]} Bg7 {[%emt 0:00:03]} 6. O-O {[%emt 0:00:01]} O-O {[%emt 0:00:03]} 7. Bg5 {[%emt 0:00:18]} c6 {[%emt 0:01:44]} 8. Qd2 {[%emt 0:00:19]} Qc7 {[%emt 0:00:18]} 9. Bh6 {[%emt 0:00:14]} Re8 {[%emt 0:01:12]} 10. Bxg7 {[%emt 0:00:02]} Kxg7 {[%emt 0:00:02]} 11. Nh4 {[%emt 0:00:02]} d5 {[%emt 0:03:48]} 12. f3 {[%emt 0:00:59]} Nbd7 {[%emt 0:03:45]} 13. Nc3 {[%emt 0:00:18]} Nc5 {[%emt 0:02:17]} 14. Rae1 {[%emt 0:00:29]} b6 {[%emt 0:01:53]} 15. Nd1 {[%emt 0:00:06]} Bb7 {[%emt 0:00:15]} 16. Nf2 {[%emt 0:00:02]} Rad8 {[%emt 0:00:13]} 17. Qc1 {[%emt 0:00:51]} Bc8 {[%emt 0:00:23]} 18. Bh3 {[%emt 0:00:23]} Ne6 {[%emt 0:00:40]} 19. Kh1 {[%emt 0:00:36]} h6 {[%emt 0:00:20]} 20. Bg2 {[%emt 0:00:08]} Bb7 {[%emt 0:00:18]} 21. b3 {[%emt 0:00:18]} c5 {[%emt 0:00:04]} 22. Qa1 {[%emt 0:00:41]} Nd4 {[%emt 0:00:13]} 23. Qb2 {[%emt 0:00:17]} c4 {[%emt 0:00:13]} 24. c3 {[%emt 0:00:31]} Ne6 {[%emt 0:00:10]} 25. exd5 {[%emt 0:00:06]} Bxd5 {[%emt 0:00:07]} 26. dxc4 {[%emt 0:00:07]} Bc6 {[%emt 0:00:03]} 27. Rd1 {[%emt 0:00:35]} Nc5 {[%emt 0:00:13]} 28. b4 {[%emt 0:00:25]} Ne6 {[%emt 0:00:11]} 29. Rxd8 {[%emt 0:00:44]} Rxd8 {[%emt 0:00:02]} 30. Rd1 {[%emt 0:00:01]} Rxd1+ {[%emt 0:00:10]} 31. Nxd1 {[%emt 0:00:02]} Bb7 {[%emt 0:00:23]} 32. Ne3 {[%emt 0:00:11]} Qd7 {[%emt 0:00:11]} 33. Qe2 {[%emt 0:00:37]} e4 {[%emt 0:00:11]} 34. Qd1 {[%emt 0:00:27]} Qxd1+ {[%emt 0:00:13]} 35. Nxd1 {[%emt 0:00:01]} exf3 {[%emt 0:00:06]} 36. Bxf3 {[%emt 0:00:14]} Bxf3+ {[%emt 0:00:14]} 37. Nxf3 {[%emt 0:00:01]} Ne4 {[%emt 0:00:06]} 38. Kg2 {[%emt 0:00:17]} f5 {[%emt 0:00:08]} 39. Kf1 {[%emt 0:00:55]} Kf6 {[%emt 0:00:08]} 40. Ke1 {[%emt 0:00:13]} Nd6 {[%emt 0:00:16]} 41. Nd2 {[%emt 0:00:11]} Ke5 {[%emt 0:00:06]} 42. Nf2 {[%emt 0:00:09]} Nb7 {[%emt 0:00:15]} 43. Nd3+ {[%emt 0:00:02]} Kf6 {[%emt 0:00:04]} 44. Kf2 {[%emt 0:00:11]} g5 {[%emt 0:00:09]} 45. Kf3 {[%emt 0:00:19]} h5 {[%emt 0:00:10]} 46. h3 {[%emt 0:00:07]} a6 {[%emt 0:00:11]} 47. a4 {[%emt 0:00:02]} h4 {[%emt 0:00:13]} 48. g4 {[%emt 0:00:30]} fxg4+ {[%emt 0:00:14]} 49. Kxg4 {[%emt 0:00:03]} Kg6 {[%emt 0:00:07]} 50. Ne4 {[%emt 0:00:04]} Kh6 {[%emt 0:00:13]} 51. c5 {[%emt 0:00:53]} bxc5 {[%emt 0:00:07]} 52. Ndxc5 {[%emt 0:00:09]} Nbxc5 {[%emt 0:00:13]} 53. Nxc5 {[%emt 0:00:13]} Nc7 {[%emt 0:00:05]} 54. c4 {[%emt 0:00:01]} 1-0

[Event "Kupreichik Memorial Open 2018"]
[Site "Minsk"]
[Date "2018.06.21"]
[Round "3"]
[White "Laptii, Nazar"]
[Black "Zarubitski, Viachaslau"]
[Result "0-1"]
[WhiteElo "1915"]
[BlackElo "2265"]
[Annotator "NA"]
[PlyCount "86"]
[EventDate "2018.06.21"]
[EventCountry "BLR"]
[SourceTitle "playchess.com"]
[Source "ChessBase"]
[SourceQuality "1"]
[TimeControl "900+10"]

1. g3 {[%emt 0:00:00]} d5 {[%emt 0:00:06]} 2. Bg2 {[%emt 0:00:00]} Nf6 {[%emt 0:00:11]} 3. d3 {[%emt 0:00:00]} Bf5 {[%emt 0:00:03]} 4. Nd2 {[%emt 0:00:00]} e6 {[%emt 0:00:02]} 5. e4 {[%emt 0:00:00]} Bg4 {[%emt 0:00:17]} 6. Bf3 {[%emt 0:00:43]} Bxf3 {[%emt 0:00:04]} 7. Ngxf3 {[%emt 0:00:02]} Be7 {[%emt 0:00:19]} 8. O-O {[%emt 0:00:04]} c5 {[%emt 0:00:15]} 9. Re1 {[%emt 0:00:07]} Nc6 {[%emt 0:00:03]} 10. c3 {[%emt 0:00:41]} O-O {[%emt 0:00:39]} 11. e5 {[%emt 0:00:07]} Nd7 {[%emt 0:00:00]} 12. Nf1 {[%emt 0:00:02]} b5 {[%emt 0:00:20]} 13. h4 {[%emt 0:00:19]} Nb6 {[%emt 0:01:59]} 14. Bg5 {[%emt 0:01:16]} h6 {[%emt 0:00:27]} 15. Bxe7 {[%emt 0:05:21]} Qxe7 {[%emt 0:00:04]} 16. d4 {[%emt 0:01:00]} b4 {[%emt 0:01:54]} 17. cxb4 {[%emt 0:04:40]} Nxb4 {[%emt 0:00:32]} 18. a3 {[%emt 0:00:17]} Nc6 {[%emt 0:00:50]} 19. Rc1 {[%emt 0:00:44]} c4 {[%emt 0:00:07]} 20. g4 {[%emt 0:00:06]} f6 {[%emt 0:00:21]} 21. Ng3 {[%emt 0:00:35]} fxe5 {[%emt 0:00:13]} 22. Nxe5 {[%emt 0:00:02]} Nxe5 {[%emt 0:00:14]} 23. Rxe5 {[%emt 0:00:03]} Qxh4 {[%emt 0:00:19]} 24. Rh5 {[%emt 0:02:24]} Qf6 {[%emt 0:00:13]} 25. Qd2 {[%emt 0:00:01]} Qf4 {[%emt 0:00:07]} 26. Qe1 {[%emt 0:00:22]} Qxg4 {[%emt 0:00:13]} 27. Rc3 {[%emt 0:00:15]} Rf6 {[%emt 0:00:07]} 28. Re3 {[%emt 0:00:14]} Raf8 {[%emt 0:00:02]} 29. Rh2 {[%emt 0:00:08]} Qxd4 {[%emt 0:01:23]} 30. Rxe6 {[%emt 0:00:04]} Rf3 {[%emt 0:00:01]} 31. Rg6 {[%emt 0:00:08]} R3f6 {[%emt 0:00:25]} 32. Rhxh6 {[%emt 0:00:16]} Qxf2+ {[%emt 0:01:26]} 33. Qxf2 {[%emt 0:00:01]} Rxf2 {[%emt 0:00:00]} 34. Nh5 {[%emt 0:00:01]} Rf1+ {[%emt 0:00:21]} 35. Kg2 {[%emt 0:00:02]} R8f2+ {[%emt 0:00:01]} 36. Kg3 {[%emt 0:00:01]} Rf7 {[%emt 0:00:00]} 37. Kg2 {[%emt 0:00:20]} R1f2+ {[%emt 0:00:11]} 38. Kg1 {[%emt 0:00:11]} Rxb2 {[%emt 0:00:11]} 39. Rg4 {[%emt 0:00:22]} c3 {[%emt 0:00:43]} 40. Nf6+ {[%emt 0:00:23]} Rxf6 {[%emt 0:00:07]} 41. Rxf6 {[%emt 0:00:02]} c2 {[%emt 0:00:00]} 42. Rf1 {[%emt 0:00:21]} Rb1 {[%emt 0:00:03]} 43. Rb4 {[%emt 0:00:11]} Rxf1+ {[%emt 0:00:03]} 0-1

[Event "Kupreichik Memorial Open 2018"]
[Site "Minsk"]
[Date "2018.06.21"]
[Round "3"]
[White "Gavrjuchenkova, Angelina"]
[Black "Tkachou, Pavel"]
[Result "0-1"]
[WhiteElo "1900"]
[BlackElo "1535"]
[Annotator "NA"]
[PlyCount "86"]
[EventDate "2018.06.21"]
[EventCountry "BLR"]
[SourceTitle "playchess.com"]
[Source "ChessBase"]
[SourceQuality "1"]
[TimeControl "900+10"]

1. e4 {[%emt 0:00:00]} e6 {[%emt 0:00:01]} 2. d4 {[%emt 0:00:00]} d5 {[%emt 0:00:01]} 3. e5 {[%emt 0:00:00]} c5 {[%emt 0:00:04]} 4. c3 {[%emt 0:00:00]} Nc6 {[%emt 0:00:02]} 5. Nf3 {[%emt 0:00:00]} Qb6 {[%emt 0:00:06]} 6. Be2 {[%emt 0:00:13]} cxd4 {[%emt 0:00:44]} 7. cxd4 {[%emt 0:00:02]} Bb4+ {[%emt 0:00:01]} 8. Kf1 {[%emt 0:00:05]} f6 {[%emt 0:00:25]} 9. Bf4 {[%emt 0:01:08]} fxe5 {[%emt 0:00:19]} 10. Bxe5 {[%emt 0:00:21]} Nf6 {[%emt 0:00:43]} 11. Ng5 {[%emt 0:02:07]} Nxe5 {[%emt 0:01:08]} 12. dxe5 {[%emt 0:00:17]} Ne4 {[%emt 0:01:22]} 13. Nxe4 {[%emt 0:00:07]} dxe4 {[%emt 0:00:50]} 14. Bh5+ {[%emt 0:02:53]} g6 {[%emt 0:00:12]} 15. Bg4 {[%emt 0:03:26]} O-O {[%emt 0:00:16]} 16. Qe2 {[%emt 0:00:12]} Bd7 {[%emt 0:00:10]} 17. a4 {[%emt 0:00:58]} Rac8 {[%emt 0:04:31]} 18. g3 {[%emt 0:03:42]} Rc1+ {[%emt 0:00:38]} 19. Kg2 {[%emt 0:00:01]} Rxh1 {[%emt 0:00:02]} 20. Kxh1 {[%emt 0:00:01]} Rxf2 {[%emt 0:00:18]} 21. Qc4 {[%emt 0:01:13]} e3 {[%emt 0:01:09]} 22. Nc3 {[%emt 0:00:52]} Bxc3 {[%emt 0:01:51]} 23. bxc3 {[%emt 0:00:11]} e2 {[%emt 0:00:12]} 24. a5 {[%emt 0:00:20]} Rf1+ {[%emt 0:00:11]} 25. Rxf1 {[%emt 0:00:04]} exf1=Q+ {[%emt 0:00:03]} 26. Qxf1 {[%emt 0:00:02]} Bc6+ {[%emt 0:00:04]} 27. Bf3 {[%emt 0:00:03]} Qxa5 {[%emt 0:00:15]} 28. Bxc6 {[%emt 0:00:11]} bxc6 {[%emt 0:00:01]} 29. Qc4 {[%emt 0:00:10]} Qd5+ {[%emt 0:00:02]} 30. Qxd5 {[%emt 0:00:07]} cxd5 {[%emt 0:00:06]} 31. Kg2 {[%emt 0:00:02]} Kf7 {[%emt 0:00:01]} 32. Kf3 {[%emt 0:00:06]} g5 {[%emt 0:00:03]} 33. g4 {[%emt 0:00:15]} Ke7 {[%emt 0:00:09]} 34. Ke3 {[%emt 0:00:01]} Kd7 {[%emt 0:00:01]} 35. Kd4 {[%emt 0:00:01]} Kc6 {[%emt 0:00:02]} 36. c4 {[%emt 0:00:59]} dxc4 {[%emt 0:00:01]} 37. Kxc4 {[%emt 0:00:02]} a5 {[%emt 0:00:01]} 38. Kb3 {[%emt 0:00:23]} Kd5 {[%emt 0:00:01]} 39. Ka4 {[%emt 0:00:02]} Kxe5 {[%emt 0:00:01]} 40. Kxa5 {[%emt 0:00:00]} Kf4 {[%emt 0:00:01]} 41. Kb4 {[%emt 0:00:02]} Kxg4 {[%emt 0:00:02]} 42. Kc4 {[%emt 0:00:01]} e5 {[%emt 0:00:01]} 43. Kd5 {[%emt 0:00:03]} Kh5 0-1

[Event "Kupreichik Memorial Open 2018"]
[Site "Minsk"]
[Date "2018.06.21"]
[Round "3"]
[White "Polovkov, Valery"]
[Black "Barskij, Vladimir"]
[Result "0-1"]
[WhiteElo "1830"]
[BlackElo "2352"]
[Annotator "NA"]
[PlyCount "66"]
[EventDate "2018.06.21"]
[EventCountry "BLR"]
[SourceTitle "playchess.com"]
[Source "ChessBase"]
[SourceQuality "1"]
[TimeControl "900+10"]

1. g3 {[%emt 0:00:23]} d5 {[%emt 0:00:30]} 2. Bg2 {[%emt 0:00:02]} e5 {[%emt 0:00:07]} 3. d3 {[%emt 0:00:02]} Nf6 {[%emt 0:00:11]} 4. b3 {[%emt 0:00:04]} Bb4+ {[%emt 0:00:38]} 5. c3 {[%emt 0:00:10]} Bd6 {[%emt 0:00:04]} 6. Bb2 {[%emt 0:00:04]} O-O {[%emt 0:00:07]} 7. Nd2 {[%emt 0:00:02]} a5 {[%emt 0:00:23]} 8. e3 {[%emt 0:00:03]} a4 {[%emt 0:00:34]} 9. h3 {[%emt 0:00:02]} Nbd7 {[%emt 0:00:30]} 10. Ne2 {[%emt 0:00:03]} Nc5 {[%emt 0:00:13]} 11. Qc2 {[%emt 0:00:49]} axb3 {[%emt 0:02:37]} 12. axb3 {[%emt 0:00:01]} Rxa1+ {[%emt 0:00:02]} 13. Bxa1 {[%emt 0:00:01]} Bf5 {[%emt 0:01:26]} 14. e4 {[%emt 0:00:03]} dxe4 {[%emt 0:00:02]} 15. dxe4 {[%emt 0:00:01]} Be6 {[%emt 0:00:12]} 16. O-O {[%emt 0:00:28]} Qd7 {[%emt 0:00:32]} 17. Kh2 {[%emt 0:00:02]} Ra8 {[%emt 0:00:12]} 18. c4 {[%emt 0:00:57]} Na6 {[%emt 0:01:01]} 19. f4 {[%emt 0:00:57]} Nb4 {[%emt 0:00:36]} 20. Qc3 {[%emt 0:00:21]} Nc6 21. c5 {[%emt 0:00:56]} Bxc5 {[%emt 0:00:13]} 22. f5 {[%emt 0:01:15]} Bb4 {[%emt 0:00:18]} 23. Qf3 {[%emt 0:03:27]} Qxd2 {[%emt 0:01:08]} 24. fxe6 {[%emt 0:00:06]} fxe6 {[%emt 0:00:04]} 25. g4 {[%emt 0:01:05]} Rf8 {[%emt 0:00:34]} 26. Ng3 {[%emt 0:00:57]} Nd7 {[%emt 0:00:35]} 27. Qd1 {[%emt 0:00:29]} Rxf1 {[%emt 0:00:36]} 28. Qxf1 {[%emt 0:00:13]} Qf4 {[%emt 0:00:46]} 29. Qd1 {[%emt 0:02:40]} Nd4 {[%emt 0:01:11]} 30. Bxd4 {[%emt 0:00:31]} exd4 {[%emt 0:00:01]} 31. Qxd4 {[%emt 0:00:26]} Bd6 {[%emt 0:00:54]} 32. Qc3 {[%emt 0:00:58]} Be5 {[%emt 0:00:25]} 33. Qd3 {[%emt 0:00:08]} Nc5 {[%emt 0:00:18]} 0-1